Desde la prehistoria hasta el medioevo /

Guardado en:
Autor Principal: Vázquez de Fernández, Silvia A.
Formato: Libro
Publicado: Buenos Aires, Kapelusz. 2003 :
Series:Sociedades y tiempo. Historia
Materias:
Etiquetas: Agregar Etiqueta
Sin Etiquetas, Sea el primero en etiquetar este registro!
LEADER 01456nam a22002535a 4500
001 CEM.cems011395
008 130507b2003##################000#0#####d
005 20211215172036.0
003 CEMS
245 1 0 |a Desde la prehistoria hasta el medioevo /  |c Silvia A. Vázquez de Fernández 
260 |a Buenos Aires,  |c 2003 :  |b Kapelusz. 
300 |a 296 p. 
490 0 |a Sociedades y tiempo. Historia 
505 0 |a Los tiempos prehistóricos -- De la Edad de la Piedra a la aparición de la escritura -- Los tiempos antiguos (3000 a. C.-476 d. C.) -- Una nueva organización de la vida humana -- Las primeras sociedades urbanas -- Egipto, un imperio junto al Nilo -- La Mesopotamia: ciudades e imperios entre el Tigris y el Eufrates -- Fenicia y Palestina florecen los pequeños reinos -- Grecia: los orígenes de la democracia -- Roma: un estado colosal y perdurable -- Los tiempos medievales (476-1453) -- El Medioevo desde sus inicios hasta la madurez del feudalismo (temprana y alta edad media ) -- Las transformaciones de la baja Edad Media 
020 |a 9501309347 
100 1 |a Vázquez de Fernández, Silvia A. 
082 0 4 |a 930 
653 |a Historia 
653 |a Historia antigua 
653 |a Historia medieval 
653 |a Historia-3ero. egb 
859 |a CEMS  |b BIB. CEMS - 11 de abril  |h 930  |i V443-2  |p 22313.03  |t Ej.1 
859 |a CEMS  |b BIB. CEMS - Agricultura  |h 930  |i V479  |p A1126.09  |t Ej.1 
859 |a CEMS  |b BIB. CEMS - 11 de abril  |h 930  |i V443-2  |p 23922.07  |t Ej.2